Normal view
MARC view
- وزارة المالية دائرة ضريبة الدخل، عمان
Entry Personal Name
001 - CONTROL NUMBER
- control field: 52871
003 - CONTROL NUMBER IDENTIFIER
- control field: JO-AjAnu
005 - DATE AND TIME OF LATEST TRANSACTION
- control field: 20230606082704.0
008 - FIXED-LENGTH DATA ELEMENTS
- fixed length control field: 230606|| aca||aabn | a|a d
040 ## - CATALOGING SOURCE
- Original cataloging agency: JO-AjAnu
- Transcribing agency: JO-AjAnu
100 ## - HEADING--PERSONAL NAME
- Personal name: وزارة المالية دائرة ضريبة الدخل، عمان
670 ## - SOURCE DATA FOUND
- Source citation: Work cat.: (JO-AjAnu)27014: وزارة المالية دائرة ضريبة الدخل، عمان, author, قانون ضريبة الدخل قانون رقم (57) لسنة 1985